000 00490nam a22001937a 4500
005 20250318160201.0
008 250318b |||||||| |||| 00| 0 eng d
020 _a9789386418371
_c299.00
040 _aMAIN
041 _aEnglish
082 _a001.42
_bRAH
100 _aRahim, F. Abdul
_925387
245 _aThesis Writing
_b: A Manual For Researchers
250 _a2nd
260 _aNew Delhi
_bNew Age International
_c2018
300 _a141
650 _aChemistry
942 _cBK
999 _c59495
_d59495